000 00306nam a22001337a 4500
008 170926b xxu||||| |||| 00| 0 eng d
020 _a0840338228
041 _aeng
080 _a37
100 _a46
101 _aEDU
245 _aSURVIVAL WRITING: STAYING ALIVE ON PAPER
_cGLADIS,S.D
942 _2udc
_cBK
999 _c29863
_d29863